MARC

LEADER 00000nam0a2200000 4500
001 360627
005 20231102011315.0
035 |a (RuTPU)RU\TPU\retro\17953 
090 |a 360627 
100 |a 20210420d1973 km y0rusy50 ca 
101 0 |a rus 
102 |a RU 
105 |a a z 001zy 
200 1 |a Исследование физических свойств горных пород  |e сборник статей  |f Академия наук СССР, Институт физики Земли им. О. Ю. Шмидта 
210 |a Москва  |c [Б. и.]  |d 1973 
215 |a 144 с.  |c ил. 
320 |a Библиография в конце статей 
606 1 |a Горные породы  |x Физические свойства  |2 stltpush  |3 (RuTPU)RU\TPU\subj\7946  |9 35455 
610 1 |a марказит 
610 1 |a электронное строение 
610 1 |a атомы 
610 1 |a периодическая система элементов 
610 1 |a мономинеральные горные породы 
610 1 |a породообразующие минералы 
610 1 |a исследование 
610 1 |a рентгеноструктурные данные 
610 1 |a кристаллы 
610 1 |a сжимаемость 
610 1 |a химические связи 
610 1 |a отрицательные ионы 
610 1 |a устойчивость 
610 1 |a оценка 
610 1 |a вмещающие породы 
610 1 |a Донбасс 
610 1 |a трехосное напряженное состояние 
675 |a 622.02  |v 4 
712 0 2 |a Академия наук СССР  |b Институт физики Земли им. О. Ю. Шмидта  |c (Москва)  |c (1956-1991)  |2 stltpush  |3 (RuTPU)RU\TPU\col\209  |9 23276 
801 1 |a RU  |b 63413507  |c 20210420 
801 2 |a RU  |b 63413507  |c 20210914  |g RCR 
942 |c BK